Responding to Financial Crisis: Lessons From Asia Then, the United States and Europe Now. (Record no. 2487)

MARC details
005 - DATE AND TIME OF LATEST TRANSACTION
control field 20250520133911.0
020 ## - INTERNATIONAL STANDARD BOOK NUMBER
International Standard Book Number 978-0-88132-674-1
082 ## - DEWEY DECIMAL CLASSIFICATION NUMBER
Classification number LECT 338.542 RHE
245 ## - TITLE STATEMENT
Title Responding to Financial Crisis: Lessons From Asia Then, the United States and Europe Now.
260 ## - PUBLICATION, DISTRIBUTION, ETC.
Place of publication, distribution, etc. Washington, DC.
Name of publisher, distributor, etc. Peterson Institute for International Economics,
Date of publication, distribution, etc. 2013.
300 ## - PHYSICAL DESCRIPTION
Extent vii, 331p.: ill.; figure, table.
Other physical details Index.
Dimensions 22cm.
700 ## - ADDED ENTRY--PERSONAL NAME
Other authors/Editors RHEE, C. & POSEN, A. S.
942 ## - ADDED ENTRY ELEMENTS (KOHA)
Source of classification or shelving scheme Dewey Decimal Classification
Koha item type Books
Holdings
Date last seen Total checkouts Full call number Barcode Cost, replacement price Price effective from Koha item type Lost status Source of classification or shelving scheme Damaged status Not for loan Withdrawn status Home library Current library Shelving location Date acquired Cost, normal purchase price
05/20/2025   LECT 338.542 RHE 0000009383 120000.00 05/20/2025 Books   Dewey Decimal Classification       College of Business Education Main Library College of Business Education Main Library General Collection 11/28/2014 40000.00